| 000 | 00409nam a2200169Ia 4500 | ||
|---|---|---|---|
| 008 | 220531s9999 xx 000 0 und d | ||
| 041 | _amar | ||
| 100 |
_aवै भा. _966467 |
||
| 245 | _aपरिवर्तनाचे | ||
| 250 | _a1ST | ||
| 260 |
_aPune _bSugava _c2014 |
||
| 300 | _a224 | ||
| 542 | _d17-07-2014 | ||
| 650 |
_aGeneral _966468 |
||
| 906 |
_d2014-2015 _f592 |
||
| 999 |
_c37559 _d37559 |
||